=LDR 00000nam 2200000 4500 =001 INLIS000000000002497 =005 20130612090828 =008 ***********************************Ind** =035 ##$$0010-061300000002497 =041 ##$$a Ind =082 ##$$a 616.992 31 =090 ##$$a 616.992 31, She k =100 ##$$a Shear, Mevyn =245 ##$$a Kista rongga mulut, Mevyn Shear; Alih bahasa,Mathias Gunawan =260 ##$$a 1993 $b Jakarta =300 ##$$a vii,229 hlm, ilus, 21 cm =650 ##$$a Mulut =650 ##$$a Kista =700 ##$$a Gunawan, Mathias =850 ##$$a NBPNMAT =990 ##$$a 21303065 =990 ##$$a DW99007258 =990 ##$$a DW99007269 =990 ##$$a DW99007330 =990 ##$$a 21303065 =990 ##$$a DW99007258 =990 ##$$a DW99007269 =990 ##$$a DW99007330